[Event "Caioba Telecom op"]
[Site "Caioba"]
[Date "2017.10.01"]
[Round "7"]
[White "Orquiza, Olivier"]
[Black "Madeira, Wagner Martins"]
[Result "0-1"]
[WhiteElo "1953"]
[BlackElo "2167"]
[PlyCount "92"]
[EventDate "2017.09.28"]
[EventType "swiss"]
[EventRounds "8"]
[EventCountry "BRA"]
[SourceTitle "EXT 2020"]
[Source "ChessBase"]
[SourceDate "2019.10.17"]
[SourceVersion "1"]
[SourceVersionDate "2019.10.17"]
[SourceQuality "1"]

1. d4 Nf6 2. Nf3 g6 3. e3 Bg7 4. Be2 0-0 5. 0-0 d6 6. Re1 c5 7. c3 b6 8. Nbd2 Bb7 9. b3 Nbd7 10. Bb2 Qc7 11. Rc1 Rac8 12. c4 e6 13. Qc2 Qb8 14. Qb1 a6 15. Qa1 Ne4 16. Nxe4 Bxe4 17. Nd2 Ba8 18. Rcd1 Rfd8 19. Nf1 b5 20. Rd2 d5 21. cxd5 Bxd5 22. Red1 c4 23. bxc4 bxc4 24. Bc3 Qc7 25. f3 f5 26. Rb1 Rb8 27. Bd1 Bf8 28. Rdb2 Ba3 29. Rxb8 Rxb8 30. Bc2 Bc6 31. e4 fxe4 32. fxe4 Qf4 33. Rxb8+ Nxb8 34. Qe1 Nd7 35. Nd2 Bb5 36. g3 Qc7 37. h3 e5 38. Nf3 exd4 39. Nxd4 Ne5 40. Kg2 Bd7 41. Nf3 Nxf3 42. Kxf3 Bxh3 43. Bd4 Qf7+ 44. Ke3 Bg4 45. Qb1 Qf3+ 46. Kd2 c3+ 0-1

[Event "Caioba Telecom op"]
[Site "Caioba"]
[Date "2017.09.30"]
[Round "5"]
[White "Orquiza, Olivier"]
[Black "Friedrich, Carlos Ernesto Gall"]
[Result "1-0"]
[WhiteElo "1953"]
[BlackElo "1656"]
[PlyCount "93"]
[EventDate "2017.09.28"]
[EventType "swiss"]
[EventRounds "8"]
[EventCountry "BRA"]
[SourceTitle "EXT 2018"]
[Source "ChessBase"]
[SourceDate "2017.10.13"]
[SourceVersion "1"]
[SourceVersionDate "2017.10.13"]
[SourceQuality "1"]

1. d4 Nf6 2. Nf3 d5 3. e3 Bf5 4. Be2 e6 5. 0-0 Bd6 6. Re1 0-0 7. Nbd2 Nbd7 8. c3 c5 9. b3 Rc8 10. Bb2 Qc7 11. Nf1 Ne4 12. Rc1 Ndf6 13. N3d2 Nxd2 14. Qxd2 Ng4 15. g3 h5 16. Bf3 Nf6 17. Bg2 h4 18. gxh4 Ng4 19. Ng3 g6 20. Bf3 Nf6 21. dxc5 Bxc5 22. h5 Bd6 23. c4 Ne4 24. Bxe4 dxe4 25. Nxf5 Bxh2+ 26. Kg2 gxf5 27. Qc3 f6 28. Rh1 Be5 29. Qc2 Qg7+ 30. Kf1 Qh6 31. Ke2 Bxb2 32. Rcg1+ Kf7 33. Rg6 Qh7 34. Qxb2 Ke7 35. Qa3+ Ke8 36. Qa4+ Ke7 37. Qxa7 Rc7 38. Qa3+ Ke8 39. Rgg1 Rd7 40. h6 Rff7 41. Qa8+ Rd8 42. Qa4+ Ke7 43. Rd1 Rxd1 44. Rxd1 Qxh6 45. Qd7+ Kf8 46. Qd8+ Kg7 47. Rg1+ 1-0

[Event "Parana-ch"]
[Site "Pirai do Sul"]
[Date "2017.02.04"]
[Round "6"]
[White "Orquiza, Olivier"]
[Black "Barbosa, Jefferson Lucas Mun"]
[Result "1/2-1/2"]
[WhiteElo "1800"]
[BlackElo "2067"]
[PlyCount "130"]
[EventDate "2017.02.01"]
[EventType "swiss"]
[EventRounds "8"]
[EventCountry "BRA"]
[SourceTitle "CBM 176 Extra"]
[Source "ChessBase"]
[SourceDate "2017.03.02"]
[SourceVersion "1"]
[SourceVersionDate "2017.03.02"]
[SourceQuality "1"]

1. e4 c5 2. Nf3 d6 3. d3 Nf6 4. Bg5 e6 5. g3 Nbd7 6. Bg2 Qb6 7. Bc1 Be7 8. 0-0 0-0 9. Re1 Qc7 10. b3 b6 11. Bb2 Bb7 12. Nbd2 e5 13. a4 a6 14. Qe2 Rfe8 15. Nc4 Bf8 16. Qf1 g6 17. Ng5 d5 18. exd5 Nxd5 19. Ne3 Nb4 20. Bxb7 Qxb7 21. c3 Nc6 22. Nd5 Rad8 23. Rad1 Bg7 24. Qg2 Nf8 25. c4 h6 26. Ne4 Re6 27. f4 f5 28. Nd2 Qb8 29. g4 Nd4 30. Bxd4 cxd4 31. gxf5 gxf5 32. fxe5 Rxe5 33. Nf3 Re6 34. Rxe6 Nxe6 35. Ne7+ Kf7 36. Nc6 Qd6 37. Nxd8+ Qxd8 38. Qg3 Qf6 39. Kh1 Qg6 40. Nh4 Qh5 41. Rf1 f4 42. Ng2 Be5 43. Nxf4 Qf5 44. Qh3 Qxh3 45. Nxh3+ Ke7 46. Rf5 Bd6 47. Nf2 Nc5 48. Rxc5 Bxc5 49. Kg2 Ke6 50. Kf3 Bd6 51. h3 Kf5 52. Ne4 Be7 53. Ng3+ Ke5 54. Kg4 a5 55. h4 Bxh4 56. Kxh4 Kf4 57. c5 bxc5 58. Ne4 Ke3 59. Nxc5 Kd2 60. Kh5 Kc3 61. Kxh6 Kb4 62. Nb7 Kxb3 63. Nxa5+ Kc3 64. Nc4 Kxd3 65. a5 Kxc4 1/2-1/2

[Event "Parana-ch"]
[Site "Pirai do Sul"]
[Date "2017.02.03"]
[Round "4"]
[White "Orquiza, Olivier"]
[Black "Lukachewski Junior, Wanderlei"]
[Result "0-1"]
[WhiteElo "1800"]
[BlackElo "2039"]
[PlyCount "86"]
[EventDate "2017.02.01"]
[EventType "swiss"]
[EventRounds "8"]
[EventCountry "BRA"]
[SourceTitle "CBM 176 Extra"]
[Source "ChessBase"]
[SourceDate "2017.03.02"]
[SourceVersion "1"]
[SourceVersionDate "2017.03.02"]
[SourceQuality "1"]

1. e4 c5 2. Nf3 d6 3. d4 cxd4 4. Nxd4 Nf6 5. Nc3 g6 6. Be2 Bg7 7. Be3 0-0 8. f3 Nc6 9. Qd2 d5 10. 0-0-0 dxe4 11. Kb1 Nxd4 12. Bxd4 Bf5 13. g4 exf3 14. gxf5 fxe2 15. Qxe2 Qc7 16. fxg6 hxg6 17. h4 Rfe8 18. Be5 Qc6 19. Rdg1 Nh5 20. Bxg7 Kxg7 21. Qe5+ Nf6 22. Nb5 Qd5 23. Qe2 Rac8 24. h5 Rh8 25. h6+ Rxh6 26. Rxh6 Kxh6 27. Qxe7 Qe4 28. Qxe4 Nxe4 29. Nxa7 Rc5 30. b4 Re5 31. Rh1+ Kg7 32. Kb2 f5 33. a4 f4 34. Rf1 g5 35. Nb5 Kf6 36. Nd4 Rd5 37. c3 Ke5 38. Nf3+ Kf5 39. Nd4+ Rxd4 40. cxd4 g4 41. Kc2 g3 42. Kd3 g2 43. Rg1 f3 0-1

[Event "Parana-ch"]
[Site "Pirai do Sul"]
[Date "2017.02.02"]
[Round "3"]
[White "Melo, Sergio Roberto Samp"]
[Black "Orquiza, Olivier"]
[Result "0-1"]
[WhiteElo "1750"]
[BlackElo "1800"]
[PlyCount "106"]
[EventDate "2017.02.01"]
[EventType "swiss"]
[EventRounds "8"]
[EventCountry "BRA"]
[SourceTitle "CBM 176 Extra"]
[Source "ChessBase"]
[SourceDate "2017.03.02"]
[SourceVersion "1"]
[SourceVersionDate "2017.03.02"]
[SourceQuality "1"]

1. Nf3 Nf6 2. b3 e6 3. Bb2 d5 4. e3 Be7 5. c4 c6 6. Be2 0-0 7. 0-0 Nbd7 8. d4 Ne4 9. Nc3 f5 10. Nxe4 fxe4 11. Ne5 Nxe5 12. dxe5 Bd7 13. Qc2 Rc8 14. Rac1 b5 15. cxb5 cxb5 16. Qd2 Qb6 17. Bd4 Qb7 18. Rxc8 Rxc8 19. Rc1 Rc7 20. Qb2 Qc8 21. Rxc7 Qxc7 22. g3 b4 23. Kg2 a5 24. Qd2 Be8 25. Bg4 Qc6 26. Be2 Bd8 27. Bd1 Bc7 28. Qb2 h6 29. h4 Kh7 30. Bg4 h5 31. Bd1 Kh6 32. f3 exf3+ 33. Bxf3 Bg6 34. g4 Qc2+ 35. Kg3 Qxb2 36. Bxb2 Bb1 37. a3 bxa3 38. Bxa3 Bxe5+ 39. Kf2 Bc3 40. gxh5 Bc2 41. Bg4 e5 42. Be6 Bxb3 43. e4 Kxh5 44. Be7 Bb4 45. Bf7+ Kh6 46. Bxb4 axb4 47. exd5 Ba4 48. d6 Bd7 49. Ke3 g6 50. Ke4 Kg7 51. Bb3 Kf6 52. Ba2 Be6 53. Bb1 Bf5+ 0-1